000 00410nam a2200181Ia 4500
001 21457
005 20260306172920.0
008 260306t2006||||xx |||||||||||||| ||spa||
041 _aESP
082 _a345
_bS21
100 _aSan Martín Castro, César
_eAUT
245 0 _aDerecho procesal penal
260 _c2006
300 _a
_c24 cm.
650 _aGEN
654 _aCDE
942 _cLIB
_dJUS
_fJUS
_2ddc
_n
999 _c21457
_d21457